[Event "Aragon-chT Honor GrA"]
[Site "Aragon"]
[Date "2014.02.01"]
[Round "2.4"]
[White "Hernandez Delgado, Gabriel"]
[Black "Mancho Fondevila, Jorge"]
[Result "1/2-1/2"]
[WhiteElo "1931"]
[BlackElo "1846"]
[PlyCount "81"]
[EventDate "2014.01.25"]
[EventType "team-tourn"]
[EventRounds "7"]
[EventCountry "ESP"]
[SourceTitle "EXT 2015"]
[Source "ChessBase"]
[SourceDate "2014.11.20"]
[SourceVersion "1"]
[SourceVersionDate "2014.11.20"]
[SourceQuality "1"]
[WhiteTeam "El Olivar II"]
[BlackTeam "Casino Jaque"]
[WhiteTeamCountry "ESP"]
[BlackTeamCountry "ESP"]

1. Nf3 d5 2. d4 Nf6 3. e3 g6 4. Nbd2 Bg7 5. b4 0-0 6. c4 c6 7. Be2 Ne4 8. Bb2 Nd7 9. cxd5 cxd5 10. 0-0 b6 11. Qa4 Bb7 12. Rfc1 Nxd2 13. Nxd2 a6 14. b5 a5 15. Rc2 Rc8 16. Rac1 e5 17. Rxc8 Bxc8 18. Qc2 exd4 19. Bxd4 Be5 20. Nf3 Bd6 21. Bb2 Nc5 22. Qc3 f6 23. Qd4 Bb7 24. Qh4 Qe7 25. Nd4 Be5 26. Ba3 Rc8 27. Bf3 Qd6 28. Rd1 Qc7 29. Nc6 Bxc6 30. bxc6 Rd8 31. Bxc5 bxc5 32. Bxd5+ Kg7 33. f4 Bc3 34. e4 Bd4+ 35. Kf1 Qb8 36. Qe1 Qxf4+ 37. Ke2 Qe3+ 38. Kf1 Qg1+ 39. Ke2 Qe3+ 40. Kf1 Qg1+ 41. Ke2 1/2-1/2

[Event "Aragon-chT Honor Titulo"]
[Site "Aragon"]
[Date "2013.03.23"]
[Round "9.12"]
[White "Jimenez Fernandez, Alejandro"]
[Black "Mancho Fondevila, Jorge"]
[Result "1-0"]
[WhiteElo "2011"]
[BlackElo "1878"]
[PlyCount "127"]
[EventDate "2013.01.26"]
[EventType "team"]
[EventRounds "11"]
[EventCountry "ESP"]
[SourceTitle "EXT 2014"]
[Source "ChessBase"]
[SourceDate "2013.11.20"]
[SourceVersion "1"]
[SourceVersionDate "2013.11.20"]
[SourceQuality "1"]
[WhiteTeam "IberCaja"]
[BlackTeam "Casino Jaque"]
[WhiteTeamCountry "ESP"]
[BlackTeamCountry "ESP"]

1. d4 d5 2. c4 c6 3. Nf3 Nf6 4. Nc3 g6 5. e3 Bg7 6. h3 0-0 7. Bd3 b6 8. 0-0 Bb7 9. b3 Nbd7 10. cxd5 cxd5 11. Ba3 Ne4 12. Rc1 Rc8 13. Nb1 Re8 14. Rxc8 Qxc8 15. Qc1 Qd8 16. Rd1 f5 17. Nbd2 a6 18. Qc2 Qb8 19. Rc1 Rc8 20. Qb2 e5 21. Rxc8+ Bxc8 22. Bf1 Qc7 23. Qc1 Qxc1 24. Bxc1 exd4 25. Nxd4 Ndc5 26. Nc6 Bb7 27. Nd4 Kf7 28. g4 fxg4 29. hxg4 Nxd2 30. Bxd2 Ne4 31. Be1 Bxd4 32. exd4 b5 33. f3 Ng5 34. Kf2 Bc8 35. Bd2 Ne6 36. Ke3 Bd7 37. f4 Ng7 38. Bg2 Ke6 39. Bb4 Ne8 40. f5+ gxf5 41. gxf5+ Kf6 42. Bxd5 Bc8 43. Bf8 h5 44. Kf4 h4 45. Bh6 Bxf5 46. Bg5+ Kg6 47. Bxh4 Bb1 48. Be4+ Bxe4 49. Kxe4 Nd6+ 50. Kd5 Nf5 51. Bf2 Kf6 52. Kc5 Ke6 53. Kb6 Kd5 54. Kxa6 Nd6 55. Be1 Kc6 56. Bb4 Nf5 57. d5+ Kxd5 58. Kxb5 Nd4+ 59. Ka4 Kc6 60. Bd2 Nc2 61. a3 Kb6 62. b4 Ka6 63. Bc3 Kb6 64. Kb3 1-0

[Event "Aragon-chT Honor GrA"]
[Site "Aragon"]
[Date "2013.01.26"]
[Round "1.15"]
[White "Mancho Fondevila, Jorge"]
[Black "Hernando Garcia, Antonio"]
[Result "0-1"]
[WhiteElo "1878"]
[BlackElo "2173"]
[PlyCount "90"]
[EventDate "2013.01.26"]
[EventType "team"]
[EventRounds "7"]
[EventCountry "ESP"]
[SourceTitle "EXT 2014"]
[Source "ChessBase"]
[SourceDate "2013.11.20"]
[SourceVersion "1"]
[SourceVersionDate "2013.11.20"]
[SourceQuality "1"]
[WhiteTeam "Casino Jaque"]
[BlackTeam "El Olivar"]
[WhiteTeamCountry "ESP"]
[BlackTeamCountry "ESP"]

1. d4 d5 2. Nf3 Nf6 3. e3 e6 4. Bd3 c5 5. b3 Nc6 6. 0-0 Bd6 7. Bb2 Qe7 8. a3 0-0 9. Nbd2 b6 10. Ne5 Bb7 11. f4 Nd7 12. Rf3 f5 13. Rh3 Nf6 14. Ndf3 Bxe5 15. Nxe5 Nxe5 16. fxe5 Ne4 17. Rf3 Rf7 18. Bxe4 dxe4 19. Rf2 cxd4 20. Bxd4 b5 21. c4 bxc4 22. bxc4 a6 23. Qb3 Qc7 24. c5 Bd5 25. Qb6 a5 26. Rb1 a4 27. Rfb2 g5 28. g3 Re8 29. Qxc7 Rxc7 30. Rb8 Rxb8 31. Rxb8+ Kf7 32. Kf2 Kg6 33. h3 Kf7 34. Rh8 Kg7 35. Rb8 h6 36. Rb4 Bc6 37. Rb6 h5 38. Rb8 h4 39. gxh4 gxh4 40. Rb6 Kf7 41. Rb8 Kg7 42. Rb6 Kh7 43. Kg2 Bd5 44. Ra6 f4 45. exf4 e3+ 0-1

[Event "Aragon-chT Honor GrA "]
[Site "Aragon"]
[Date "2012.02.18"]
[Round "3.7"]
[White "Mancho Fondevila, Jorge"]
[Black "Jimenez Fernandez, Alejandro"]
[Result "0-1"]
[WhiteElo "1852"]
[BlackElo "1980"]
[PlyCount "62"]
[EventDate "2012.02.04"]
[EventType "team-tourn"]
[EventRounds "7"]
[EventCountry "ESP"]
[SourceTitle "EXT 2014"]
[Source "ChessBase"]
[SourceDate "2013.11.20"]
[SourceVersion "1"]
[SourceVersionDate "2013.11.20"]
[SourceQuality "1"]
[WhiteTeam "Casino Jaque"]
[BlackTeam "IberCaja II"]
[WhiteTeamCountry "ESP"]
[BlackTeamCountry "ESP"]

1. d4 f5 2. Nf3 Nf6 3. e3 e6 4. Bd3 d5 5. 0-0 Bd6 6. b3 Qe7 7. c4 c6 8. Bb2 0-0 9. Ne5 Nbd7 10. f4 Ne4 11. Nd2 Ndf6 12. Rf3 Bb4 13. Bxe4 fxe4 14. Rh3 Bd7 15. g4 Be8 16. Qe2 Nd7 17. Rf1 Nxe5 18. dxe5 Bg6 19. Rd1 a5 20. a4 Rab8 21. Nf1 b5 22. Ng3 dxc4 23. bxc4 bxa4 24. Qf1 a3 25. Ba1 Rbd8 26. Rxd8 Qxd8 27. f5 Qg5 28. Qe2 exf5 29. gxf5 Rxf5 30. Kh1 Rxe5 31. Bxe5 Qxe5 0-1

[Event "Aragon-chT Honor GrA "]
[Site "Aragon"]
[Date "2012.02.04"]
[Round "1.12"]
[White "Cobo Garrido, Diego Israel"]
[Black "Mancho Fondevila, Jorge"]
[Result "1-0"]
[WhiteElo "2049"]
[BlackElo "1852"]
[PlyCount "95"]
[EventDate "2012.02.04"]
[EventType "team-tourn"]
[EventRounds "7"]
[EventCountry "ESP"]
[SourceTitle "EXT 2014"]
[Source "ChessBase"]
[SourceDate "2013.11.20"]
[SourceVersion "1"]
[SourceVersionDate "2013.11.20"]
[SourceQuality "1"]
[WhiteTeam "Aragon ONCE"]
[BlackTeam "Casino Jaque"]
[WhiteTeamCountry "ESP"]
[BlackTeamCountry "ESP"]

1. e4 d6 2. d4 Nf6 3. Nc3 e5 4. Nf3 Nbd7 5. Bc4 Be7 6. 0-0 0-0 7. Re1 c6 8. a4 b6 9. d5 cxd5 10. Nxd5 Nxd5 11. Bxd5 Rb8 12. Qd3 Nf6 13. Bb3 Bb7 14. Bg5 Qc7 15. Bxf6 Bxf6 16. Rad1 Rfd8 17. Nd2 Rbc8 18. Nf1 g6 19. Ne3 Qc5 20. Bd5 Bxd5 21. Nxd5 Kg7 22. Qf3 Bg5 23. c3 Rd7 24. g3 Be7 25. h4 Rf8 26. b4 Qc6 27. h5 f5 28. hxg6 hxg6 29. Qd3 Bg5 30. Qb5 Qxb5 31. axb5 fxe4 32. Rxe4 Rc8 33. f4 exf4 34. gxf4 Bf6 35. Rd3 Kf7 36. Kg2 Bg7 37. Kf3 Rh8 38. Kg4 Rh1 39. Rc4 Rg1+ 40. Kf3 Rf1+ 41. Kg2 Re1 42. Rc6 Re6 43. Kf3 Bf6 44. Ne3 Kg7 45. f5 Ree7 46. fxg6 Kxg6 47. Rdxd6 Kf7 48. Rxf6+ 1-0